Tradičmé vedomosti - kľúč k pestrej a udržateľnej budúcnosti

Medzinárodná ochrana duševného vlastníctva a otázky súvisiace s problematikou tradičnýh vedomostí (traditional knowledge, TK). Svetová organizácia duševného vlastníctva (WIPO) a prijatie Dohovoru o biologickej diverzite v roku 1992. Prispôsobovanie systému ochrany duševného vlastníctva prostredníctv...

ver descrição completa

Na minha lista:
Detalhes bibliográficos
Autor principal: Žatkuliak, Emil
Formato: Capítulo de Livro
Idioma:eslovaco
Assuntos:
Tags: Adicionar Tag
Sem tags, seja o primeiro a adicionar uma tag!

MARC

LEADER 00000naa$a2200000$$$4500
001 0108044
005 20220729111147.2
041 0 |a slo 
044 |a SK 
245 1 0 |a Tradičmé vedomosti - kľúč k pestrej a udržateľnej budúcnosti  |c Emil Žatkuliak 
520 |a Medzinárodná ochrana duševného vlastníctva a otázky súvisiace s problematikou tradičnýh vedomostí (traditional knowledge, TK). Svetová organizácia duševného vlastníctva (WIPO) a prijatie Dohovoru o biologickej diverzite v roku 1992. Prispôsobovanie systému ochrany duševného vlastníctva prostredníctvom opatrení "sui generis". Ochrana proti nelegitímnym právam a výzvy do budúcnosti. 
610 2 0 |a vlastníctvo duševné 
610 2 0 |a diverzita biologická 
610 2 0 |a vedomosti 
610 2 0 |a know-how 
610 2 0 |a právo patentové 
100 1 |a Žatkuliak, Emil